Central Library OPAC University of Rajshahi

Aus rice drying in Bangladesh ( a case study) / (Record no. 73575)

MARC details
000 -LEADER
fixed length control field 00695nam a2200229 a 4500
001 - CONTROL NUMBER
control field 73575
003 - CONTROL NUMBER IDENTIFIER
rucl marc code BD-RjUL
005 - DATE AND TIME OF LATEST TRANSACTION
control field 20211209082419.0
008 - FIXED-LENGTH DATA ELEMENTS--GENERAL INFORMATION
fixed length control field 170604s1972 bg a|||| |||| 000 0 eng d
035 ## - SYSTEM CONTROL NUMBER
System control number (BD-RjUL)73793
040 ## - CATALOGING SOURCE
Original cataloging agency BD-RjUL
Language of cataloging eng
Transcribing agency BD-RjUL
Modifying agency BD-RjUL
041 ## - LANGUAGE CODE
Language code of text/sound track or separate title eng
082 ## - DEWEY DECIMAL CLASSIFICATION NUMBER
Edition number 23
Classification number 633.18
Author mark and year MOA 1972
100 1# - MAIN ENTRY--PERSONAL NAME
Personal name Molla, Mohammad Rafiqul Isla
9 (RLIN) 217707
245 10 - TITLE STATEMENT
Title Aus rice drying in Bangladesh ( a case study) /
Statement of responsibility, etc. Mohammad Rafiqul Isla Molla
260 ## - PUBLICATION, DISTRIBUTION, ETC. (IMPRINT)
Place of publication, distribution, etc. Mymensingh :
Name of publisher, distributor, etc. Bangladesh Agriculture University,
Date of publication, distribution, etc. 1972
300 ## - PHYSICAL DESCRIPTION
Pagination 15 p. :
Illustrations ill. ;
Size 32 cm.
490 ## - SERIES STATEMENT
Series statement MISC. Report
Volume/sequential designation 3
650 ## - SUBJECT ADDED ENTRY--TOPICAL TERM
Topical term or geographic name as entry element Rice
9 (RLIN) 217708
830 ## - SERIES ADDED ENTRY--UNIFORM TITLE
Uniform title MISC. Report
Volume number/sequential designation 3
942 ## - ADDED ENTRY ELEMENTS (KOHA)
Source of classification or shelving scheme Dewey Decimal Classification
Koha item type Books
Holdings
Lost status Source of classification or shelving scheme Damaged status Not for loan Collection code Permanent Location Current Location Shelving location Date acquired Source of acquisition Cost, normal purchase price Total Checkouts Full call number Date last seen Copy number Koha item type
  Dewey Decimal Classification   Not For Loan Non-fiction Central Library, University of Rajshahi Central Library, University of Rajshahi Reading Room 03/05/1979 National Book Agency 8.00   633.18 MOA 1972 04/06/2017 C-1 Books
  Dewey Decimal Classification     Non-fiction Central Library, University of Rajshahi Central Library, University of Rajshahi   03/05/1979 National Book Agency 8.00   633.18 MOA 1972 04/06/2017 C-2 Books